书目信息 |
| 题名: |
二语写作的认知-功能语言学研究
|
|
| 作者: | 袁野 著 | |
| 分册: | ||
| 出版信息: | 北京 科学出版社 2009.01 |
|
| 页数: | xii, 254页 | |
| 开本: | 21cm | |
| 丛书名: | ||
| 单 册: | ||
| 中图分类: | H315 | |
| 科图分类: | ||
| 主题词: | 英语--ying yu--写作--认知--功能 (语言学)--研究 | |
| 电子资源: | ||
| ISBN: | 978-7-03-023012-6 | |
| 000 | 01068nam0 2200253 450 | |
| 001 | 012009039173 | |
| 005 | 20090811151857.64 | |
| 010 | @a978-7-03-023012-6@b精装@dCNY35.00 | |
| 100 | @a20090811d2009 em y0chiy0120 ea | |
| 101 | 0 | @aeng |
| 102 | @aCN@b110000 | |
| 105 | @aak a 000yy | |
| 106 | @ar | |
| 200 | 1 | @a二语写作的认知-功能语言学研究@Aer yu xie zuo de ren zhi-gong neng yu yan xue yan jiu@d= A cognitive-functional linguistic approach to EFL writing pedagogy@f袁野著@Fyuan ye zhu@zeng |
| 210 | @a北京@c科学出版社@d2009.01 | |
| 215 | @axii, 254页@c图@d21cm | |
| 320 | @a有书目 (第240-254页) | |
| 330 | @a本书以最具应用、指导价值的语言学分支—认知及功能语言学为强大的理论支撑,建立起了可以整合当前各主要写作研究流派(包括过程写作、产品写作及体裁写作)的认知功能语言学过程写作框架。 | |
| 510 | 1 | @aCognitive-functional linguistic approach to EFL writing pedagogy@zeng |
| 606 | 0 | @a英语@Aying yu@x写作@x认知@x功能 (语言学)@x研究 |
| 690 | @aH315@v4 | |
| 701 | 0 | @a袁野@Ayuan ye@4著 |
| 801 | 0 | @aCN@bQSSK@c20090811 |
| 905 | @b751068-70@dH315@eY921@f3 | |
| 二语写作的认知-功能语言学研究= A cognitive-functional linguistic approach to EFL writing pedagogy/袁野著.-北京:科学出版社,2009.01 |
| xii, 254页:图;21cm |
| ISBN 978-7-03-023012-6(精装):CNY35.00 |
| 本书以最具应用、指导价值的语言学分支—认知及功能语言学为强大的理论支撑,建立起了可以整合当前各主要写作研究流派(包括过程写作、产品写作及体裁写作)的认知功能语言学过程写作框架。 |
| ● |
| 相关链接 |
|
|
|
正题名:二语写作的认知-功能语言学研究
索取号:H315/Y921
 
预约/预借
| 序号 | 登录号 | 条形码 | 馆藏地/架位号 | 状态 | 备注 |
| 1 | 751068 | 207510683 | 语言库209/209语言库 38排6列1层/ [索取号:H315/Y921] | 在馆 | |
| 2 | 751069 | 207510692 | 语言库209/209语言库 38排6列1层/ [索取号:H315/Y921] | 在馆 | |
| 3 | 751070 | 207510709 | 语言库209/209语言库 38排6列1层/ [索取号:H315/Y921] | 在馆 |